<?xml version="1.0" encoding="UTF-8"?>
<record
    xmlns:xsi="http://www.w3.org/2001/XMLSchema-instance"
    xsi:schemaLocation="http://www.loc.gov/MARC21/slim http://www.loc.gov/standards/marcxml/schema/MARC21slim.xsd"
    xmlns="http://www.loc.gov/MARC21/slim">

  <leader>00373pam a2200145 a 4500</leader>
  <datafield tag="020" ind1=" " ind2=" ">
    <subfield code="c"></subfield>
  </datafield>
  <datafield tag="041" ind1=" " ind2=" ">
    <subfield code="h"></subfield>
  </datafield>
  <datafield tag="082" ind1=" " ind2=" ">
    <subfield code="a">6.5999999999999996</subfield>
    <subfield code="b">STE</subfield>
  </datafield>
  <datafield tag="100" ind1=" " ind2=" ">
    <subfield code="a">Steven, Harrington</subfield>
  </datafield>
  <datafield tag="245" ind1=" " ind2=" ">
    <subfield code="a">Computer Graphics A Programming Approach</subfield>
    <subfield code="h">Textual Documents</subfield>
  </datafield>
  <datafield tag="250" ind1=" " ind2=" ">
    <subfield code="a">2nd ed</subfield>
  </datafield>
  <datafield tag="260" ind1=" " ind2=" ">
    <subfield code="a">America</subfield>
    <subfield code="b">Mcgraw Hill Book Company Limited</subfield>
    <subfield code="c">2008</subfield>
  </datafield>
  <datafield tag="300" ind1=" " ind2=" ">
    <subfield code="a">xiv466</subfield>
  </datafield>
  <datafield tag="930" ind1=" " ind2=" ">
    <subfield code="a">1450</subfield>
  </datafield>
  <datafield tag="999" ind1=" " ind2=" ">
    <subfield code="c">108283</subfield>
    <subfield code="d">108283</subfield>
  </datafield>
  <datafield tag="952" ind1=" " ind2=" ">
    <subfield code="0">0</subfield>
    <subfield code="1">0</subfield>
    <subfield code="4">0</subfield>
    <subfield code="7">0</subfield>
    <subfield code="8">General</subfield>
    <subfield code="a">AKS</subfield>
    <subfield code="b">AKS</subfield>
    <subfield code="c">AKS-MCA-CIR-Rack-33</subfield>
    <subfield code="d">2008-09-03</subfield>
    <subfield code="e">Bharati Vidyapeeth Deemed University</subfield>
    <subfield code="g">361.60</subfield>
    <subfield code="l">0</subfield>
    <subfield code="o">6.5999999999999996 STE</subfield>
    <subfield code="p">AKS-C-02806</subfield>
    <subfield code="r">2023-03-01 00:00:00</subfield>
    <subfield code="t">10</subfield>
    <subfield code="w">2023-03-01</subfield>
    <subfield code="y">BK</subfield>
  </datafield>
  <datafield tag="952" ind1=" " ind2=" ">
    <subfield code="0">0</subfield>
    <subfield code="1">0</subfield>
    <subfield code="4">0</subfield>
    <subfield code="7">0</subfield>
    <subfield code="8">General</subfield>
    <subfield code="a">AKS</subfield>
    <subfield code="b">AKS</subfield>
    <subfield code="c">AKS-MCA-CIR-Rack-33</subfield>
    <subfield code="d">2008-09-03</subfield>
    <subfield code="e">Bharati Vidyapeeth Deemed University</subfield>
    <subfield code="g">361.60</subfield>
    <subfield code="l">0</subfield>
    <subfield code="o">6.5999999999999996 STE</subfield>
    <subfield code="p">AKS-C-02805</subfield>
    <subfield code="r">2023-03-01 00:00:00</subfield>
    <subfield code="t">9</subfield>
    <subfield code="w">2023-03-01</subfield>
    <subfield code="y">BK</subfield>
  </datafield>
  <datafield tag="952" ind1=" " ind2=" ">
    <subfield code="0">0</subfield>
    <subfield code="1">0</subfield>
    <subfield code="4">0</subfield>
    <subfield code="7">0</subfield>
    <subfield code="8">General</subfield>
    <subfield code="a">AKS</subfield>
    <subfield code="b">AKS</subfield>
    <subfield code="c">AKS-MCA-CIR-Rack-33</subfield>
    <subfield code="d">2008-09-03</subfield>
    <subfield code="e">Bharati Vidyapeeth Deemed University</subfield>
    <subfield code="g">361.60</subfield>
    <subfield code="l">0</subfield>
    <subfield code="o">6.5999999999999996 STE</subfield>
    <subfield code="p">AKS-C-02804</subfield>
    <subfield code="r">2024-05-28 00:00:00</subfield>
    <subfield code="t">8</subfield>
    <subfield code="w">2023-03-01</subfield>
    <subfield code="y">BK</subfield>
  </datafield>
  <datafield tag="952" ind1=" " ind2=" ">
    <subfield code="0">0</subfield>
    <subfield code="1">0</subfield>
    <subfield code="4">0</subfield>
    <subfield code="7">0</subfield>
    <subfield code="8">General</subfield>
    <subfield code="a">AKS</subfield>
    <subfield code="b">AKS</subfield>
    <subfield code="c">AKS-MCA-CIR-Rack-33</subfield>
    <subfield code="d">2008-09-03</subfield>
    <subfield code="e">Bharati Vidyapeeth Deemed University</subfield>
    <subfield code="g">361.60</subfield>
    <subfield code="l">0</subfield>
    <subfield code="o">6.5999999999999996 STE</subfield>
    <subfield code="p">AKS-C-02803</subfield>
    <subfield code="r">2023-03-01 00:00:00</subfield>
    <subfield code="t">7</subfield>
    <subfield code="w">2023-03-01</subfield>
    <subfield code="y">BK</subfield>
  </datafield>
  <datafield tag="952" ind1=" " ind2=" ">
    <subfield code="0">0</subfield>
    <subfield code="1">0</subfield>
    <subfield code="4">0</subfield>
    <subfield code="7">0</subfield>
    <subfield code="8">General</subfield>
    <subfield code="a">AKS</subfield>
    <subfield code="b">AKS</subfield>
    <subfield code="c">AKS-MCA-CIR-Rack-34</subfield>
    <subfield code="d">2008-09-03</subfield>
    <subfield code="e">Bharati Vidyapeeth Deemed University</subfield>
    <subfield code="g">361.60</subfield>
    <subfield code="l">0</subfield>
    <subfield code="o">6.5999999999999996 STE</subfield>
    <subfield code="p">AKS-C-02802</subfield>
    <subfield code="r">2023-03-01 00:00:00</subfield>
    <subfield code="t">6</subfield>
    <subfield code="w">2023-03-01</subfield>
    <subfield code="y">BK</subfield>
  </datafield>
  <datafield tag="952" ind1=" " ind2=" ">
    <subfield code="0">0</subfield>
    <subfield code="1">0</subfield>
    <subfield code="4">0</subfield>
    <subfield code="7">0</subfield>
    <subfield code="8">General</subfield>
    <subfield code="a">AKS</subfield>
    <subfield code="b">AKS</subfield>
    <subfield code="c">AKS-MCA-CIR-Rack-34</subfield>
    <subfield code="d">2008-09-03</subfield>
    <subfield code="e">Bharati Vidyapeeth Deemed University</subfield>
    <subfield code="g">361.60</subfield>
    <subfield code="l">0</subfield>
    <subfield code="o">6.5999999999999996 STE</subfield>
    <subfield code="p">AKS-C-02801</subfield>
    <subfield code="r">2023-03-01 00:00:00</subfield>
    <subfield code="t">5</subfield>
    <subfield code="w">2023-03-01</subfield>
    <subfield code="y">BK</subfield>
  </datafield>
  <datafield tag="952" ind1=" " ind2=" ">
    <subfield code="0">0</subfield>
    <subfield code="1">0</subfield>
    <subfield code="4">0</subfield>
    <subfield code="7">0</subfield>
    <subfield code="8">General</subfield>
    <subfield code="a">AKS</subfield>
    <subfield code="b">AKS</subfield>
    <subfield code="c">AKS-MCA-CIR-Rack-34</subfield>
    <subfield code="d">2008-09-03</subfield>
    <subfield code="e">Bharati Vidyapeeth Deemed University</subfield>
    <subfield code="g">361.60</subfield>
    <subfield code="l">0</subfield>
    <subfield code="o">6.5999999999999996 STE</subfield>
    <subfield code="p">AKS-C-02800</subfield>
    <subfield code="r">2023-03-01 00:00:00</subfield>
    <subfield code="t">4</subfield>
    <subfield code="w">2023-03-01</subfield>
    <subfield code="y">BK</subfield>
  </datafield>
  <datafield tag="952" ind1=" " ind2=" ">
    <subfield code="0">0</subfield>
    <subfield code="1">0</subfield>
    <subfield code="4">0</subfield>
    <subfield code="7">0</subfield>
    <subfield code="8">General</subfield>
    <subfield code="a">AKS</subfield>
    <subfield code="b">AKS</subfield>
    <subfield code="c">AKS-MCA-CIR-Rack-33</subfield>
    <subfield code="d">2008-09-03</subfield>
    <subfield code="e">Bharati Vidyapeeth Deemed University</subfield>
    <subfield code="g">361.60</subfield>
    <subfield code="l">0</subfield>
    <subfield code="o">6.5999999999999996 STE</subfield>
    <subfield code="p">AKS-C-02799</subfield>
    <subfield code="r">2023-03-01 00:00:00</subfield>
    <subfield code="t">3</subfield>
    <subfield code="w">2023-03-01</subfield>
    <subfield code="y">BK</subfield>
  </datafield>
  <datafield tag="952" ind1=" " ind2=" ">
    <subfield code="0">0</subfield>
    <subfield code="1">0</subfield>
    <subfield code="4">0</subfield>
    <subfield code="7">0</subfield>
    <subfield code="8">General</subfield>
    <subfield code="a">AKS</subfield>
    <subfield code="b">AKS</subfield>
    <subfield code="c">AKS-MCA-CIR-Rack-34</subfield>
    <subfield code="d">2008-09-03</subfield>
    <subfield code="e">Bharati Vidyapeeth Deemed University</subfield>
    <subfield code="g">361.60</subfield>
    <subfield code="l">0</subfield>
    <subfield code="o">6.5999999999999996 STE</subfield>
    <subfield code="p">AKS-C-02798</subfield>
    <subfield code="r">2023-03-01 00:00:00</subfield>
    <subfield code="t">2</subfield>
    <subfield code="w">2023-03-01</subfield>
    <subfield code="y">BK</subfield>
  </datafield>
  <datafield tag="952" ind1=" " ind2=" ">
    <subfield code="0">0</subfield>
    <subfield code="1">0</subfield>
    <subfield code="4">0</subfield>
    <subfield code="7">0</subfield>
    <subfield code="8">General</subfield>
    <subfield code="a">AKS</subfield>
    <subfield code="b">AKS</subfield>
    <subfield code="c">AKS-MCA-CIR-Rack-34</subfield>
    <subfield code="d">2008-09-03</subfield>
    <subfield code="e">Bharati Vidyapeeth Deemed University</subfield>
    <subfield code="g">361.60</subfield>
    <subfield code="l">0</subfield>
    <subfield code="o">6.5999999999999996 STE</subfield>
    <subfield code="p">AKS-C-02797</subfield>
    <subfield code="r">2023-03-01 00:00:00</subfield>
    <subfield code="t">1</subfield>
    <subfield code="w">2023-03-01</subfield>
    <subfield code="y">BK</subfield>
  </datafield>
</record>
